MARC

LEADER 00000nam0a2200000 4500
001 302962
005 20231102001545.0
035 |a (RuTPU)RU\TPU\book\328179 
090 |a 302962 
100 |a 20150828d1971 m y0rusy50 ca 
101 0 |a rus 
102 |a RU 
105 |a a j 001zy 
200 1 |a Автоматический контроль магнитных параметров  |e учебное пособие для вузов  |f Ю. В. Селезнев [и др.] 
210 |a Москва  |c Высшая школа  |d 1971 
215 |a 288 с.  |c ил. 
320 |a Библиогр.: с. 284-286. 
606 1 |a Электромагнитная техника  |2 stltpush  |3 (RuTPU)RU\TPU\subj\20154  |9 45275 
610 1 |a магнитные параметры 
610 1 |a магнитные материалы 
610 1 |a автоматический контроль 
610 1 |a магнитномягкие материалы 
610 1 |a методы 
610 1 |a расчеты 
610 1 |a учебные пособия 
675 |a 621.318.3(075.8)  |v 3 
701 1 |a Селезнев  |b Ю. В.  |g Юрий Валерианович 
701 1 |a Маслов  |b Ю. Н.  |g Юрий Николаевич 
701 1 |a Рыжков  |b Г. П.  |g Геннадий Павлович 
701 1 |a Бабиков  |b М. А.  |g Максим Алексеевич 
801 1 |a RU  |b 63413507  |c 20150828 
801 2 |a RU  |b 63413507  |c 20210811  |g RCR 
942 |c BK